Pío IX / (Record no. 28682)

MARC details
000 -LEADER
campo de control de longitud fija 00640nam a2200217 i 4500
001 - NÚMERO DE CONTROL
campo de control 28682
003 - IDENTIFICADOR DE NÚMERO DE CONTROL
campo de control ES-MaACL
005 - FECHA Y HORA DE LA ÚLTIMA TRANSACCIÓN
campo de control 20251120063126.0
007 - CAMPO FIJO DE DESCRIPCIÓN FÍSICA--INFORMACIÓN GENERAL
campo de control de longitud fija t|
008 - DATOS DE LONGITUD FIJA--INFORMACIÓN GENERAL
campo de control de longitud fija 030117s1847 sp ||||1| spa d
080 ## - NÚMERO DE LA CLASIFICACIÓN DECIMAL UNIVERSAL
Número de la Clasificación Decimal Universal 929 Pío IX, Papa
100 1# - ENTRADA PRINCIPAL--NOMBRE DE PERSONA
Nombre de persona Balmes, Jaime,
Fechas asociadas al nombre 1810-1848
9 (RLIN) 25096
245 10 - MENCIÓN DEL TÍTULO
Título Pío IX /
Mención de responsabilidad, etc. por Jaime Balmes.
260 ## - PUBLICACIÓN, DISTRIBUCIÓN, ETC.
Lugar de publicación, distribución, etc. Madrid :
Nombre del editor, distribuidor, etc. [s.n.],
Fecha de publicación, distribución, etc. 1847 (
Fabricante Imp. Eusebio Aguado)
300 ## - DESCRIPCIÓN FÍSICA
Extensión 93 p. ;
Dimensiones 22 cm.
600 04 - PUNTO DE ACCESO ADICIONAL DE MATERIA--NOMBRE DE PERSONA
Nombre de persona Pío
Numeración IX
Títulos y otros términos asociados al nombre Papa, Beato.
9 (RLIN) 137971
852 4# - LOCALIZACIÓN
Ubicación ES-MaACL
Número de control de estantería F-2795
852 4# - LOCALIZACIÓN
Ubicación ES-MaACL
Número de control de estantería T-35-F-15
856 4# - LOCALIZACIÓN Y ACCESO ELECTRÓNICOS
Identificador Uniforme de Recursos <a href="http://roderic.uv.es/uv_im_b17068927 ">http://roderic.uv.es/uv_im_b17068927 </a>
Nota pública RODERIC
Holdings
Estatus retirado Estado de pérdida Estado de daño No para préstamo Colección Biblioteca de origen Biblioteca actual Ubicación en estantería Fecha de adquisición Fuente de adquisición Total de préstamos Signatura topográfica completa Código de barras Visto por última vez Precio de reemplazo Tipo de ítem Koha
        Colección de folletos Biblioteca del Ateneo de Madrid Biblioteca del Ateneo de Madrid Depósito folletos 28/06/2012     T-35-F-15 1189895 23/02/2023 23/02/2023 Folleto
        Colección digital Biblioteca del Ateneo de Madrid Biblioteca del Ateneo de Madrid Depósito 2 17/01/2008     F-2795 1029613 23/02/2023 23/02/2023 Libro impreso antiguo